| 000 | 00545nam a2200181 a 4500 | ||
|---|---|---|---|
| 005 | 20140310183341.0 | ||
| 008 | 070222s19uu xx 00 eng d | ||
| 020 | _a9719227214 | ||
| 050 |
_aDS 688.L4 _b.Al25 2002 |
||
| 100 | _aAlejandro, Reynaldo Gamboa | ||
| 245 |
_aLaguna de Bay : _bthe living lake / |
||
| 260 |
_aPhilippines : _bUnilever Philippines, _c2002. |
||
| 300 |
_a162 p. : _bcol. ill. ; _c21 cm. |
||
| 650 |
_aPhilippines _xTravel and Description _xLaguna de Bay. |
||
| 942 |
_cBK _2lcc _kFLIR |
||
| 999 |
_c21815 _d21815 |
||